LIBRARY & INFORMATION CENTRE, KCAET, TAVANUR

ONLINE PUBLIC ACCESS CATALOGUE (OPAC)

Collected letters of Samuel Taylor coleridge / (Record no. 6836)

MARC details
000 -LEADER
fixed length control field 00472cam a2200181ua 4500
041 ## - LANGUAGE CODE
Language code of text/sound track or separate title eng
082 ## - DEWEY DECIMAL CLASSIFICATION NUMBER
Classification number 826
Item number GRI/CO
100 ## - MAIN ENTRY--AUTHOR NAME
Personal name Griggs, Earl Leslie .
245 ## - TITLE STATEMENT
Title Collected letters of Samuel Taylor coleridge /
250 ## - EDITION STATEMENT
Edition statement 1 /
260 ## - PUBLICATION, DISTRIBUTION, ETC. (IMPRINT)
Place of publication London :
Name of publisher Oxford University Press ,
Year of publication 1959.
300 ## - PHYSICAL DESCRIPTION
Number of Pages 999 ; .
942 ## - ADDED ENTRY ELEMENTS (KOHA)
Koha item type Books
Holdings
Withdrawn status Lost status Damaged status Home library Current library Date acquired Cost, normal purchase price Full call number Accession Number Koha item type Public note
Withdrawn     KAUAET Sanskrit University 07/04/2012 57.50 826 6683 Books Transferred to Sanskrit University
Withdrawn     KAUAET Sanskrit University 07/04/2012 57.50 826 7071 Books Transferred to Sanskrit University
Withdrawn     KAUAET Sanskrit University 07/04/2012 57.50 826 7070 Books Transferred to Sanskrit University
free website counter